| 000 | 00000nam##2200000za#4500 |
| 001 | 9.614592 |
| 003 | CaOODSP |
| 005 | 20241203113634 |
| 007 | ta |
| 008 | 150406|1998||||xxc||||| f|0| 0 eng|d |
| 020 | |a0-660-17634-3 |
| 040 | |aCaOODSP|beng |
| 043 | |an-cn--- |
| 086 | 1 |aEn56-119/8-1998E |
| 110 | 1 |aCanada. |bEnvironment Canada. |
| 245 | 10|aNational Symposium proceedings |
| 260 | |aOttawa - Ontario : |bEnvironment Canada |c1998. |
| 300 | |aiii, 65p. ; |c28 cm. |
| 490 | 1 |aCanada country study |
| 563 | |aSoftcover |
| 590 | |a00-15|b2000-04-14 |
| 690 | 07|aClimate|2gcpds |
| 776 | 0#|tNational Symposium proceedings, held 24-26 November 1997, Toronto, Ontario, Canada|w(CaOODSP)9.574594 |
| 830 | #0|aCanada country study.|w(CaOODSP)9.514592 |